25 Plus grandes villes d'Espagne (avec une carte) - Statistiques

Statistiques générales
  • Ce quiz a été pris 225 fois
    216 depuis la dernière actualisation
  • Le résultat moyen est 12 sur 25
Réponses sur la Carte
Les réponses sont colorées sur une échelle allant du rouge au vert en fonction du pourcentage des utilisateurs qui les ont devinées à leur premier essai. Vous pouvez retrouver ces pourcentages ci-dessous.
 
Statistiques - réponses
Ville Population % Correct
Madrid 3,4 million
100%
Barcelone 1,7 million
98%
Séville 690 mille
95%
Valence 820 mille
90%
Bilbao 350 mille
81%
Malaga 590 mille
78%
Palma 440 mille
65%
Saragosse 690 mille
65%
Grenade 235 mille
63%
Las Palmas 380 mille
50%
Alicante 360 mille
49%
Cordoue 325 mille
48%
Murcie 470 mille
48%
Vigo 300 mille
46%
Valladolid 300 mille
45%
Gijon 270 mille
33%
Oviedo 225 mille
32%
Elche 245 mille
28%
L'Hospitalet de Llobregat 280 mille
22%
Corogne 250 mille
21%
Vitoria-Gasteiz 260 mille
20%
Badalone 230 mille
14%
Carthagène 220 mille
12%
Sabadell 225 mille
7%
Terrassa 230 mille
7%
Aucun quiz correspondant
Distribution des résultats
% des personnes avec chaque résultat
Percentile par nombre de réponses
Votre historique - résultats
Vous n’avez pas pris ce quiz depuis la dernière actualisation